banner-ar

LES 100 CHEFS D'OEUVRE DU FILM MUSICUL / (Record no. 23241)

MARC details
000 -الفاتح
حقل البيانات ثابتة الطول 00512nam a2200193Ia 4500
008 - عناصر البيانات ثابتة الطول - معلومات عامة
حقل البيانات ثابتة الطول 140319s9999 xx 000 0 eng d
040 ## - مصدر الفهرسة
وكالة الفهرسة الأصلية GCL /
وكالة النسخ GCL
082 04 - رقم تصنيف ديوى العشرى
رقم التصنيف 791.436
رقم المادة B C
100 1# - المدخل الرئيسى - إسم شخصى
الإسم الشخصى BOUINEAU, JEAN MARC
245 10 - بيان العنوان
العنوان LES 100 CHEFS D'OEUVRE DU FILM MUSICUL /
بيان المسئوليه,etc BOUINEAU, JEAN MARC
260 ## - PUBLICATION, DISTRIBUTION, ETC. (IMPRINT)
تاريخ النشر أو التوزيع 1989
300 ## - الوصف المادى
التعداد 217 P
490 ## - بيان السلسلة
عنوان السلسلة MARABOUT
رقم المجلد/ التعيين التسلسلي 0
650 04 - المدخل الاضافى بالموضوع-مصطلح موضوعى
مصطلح موضوعي ACTORS & ACTORESS
650 04 - المدخل الاضافى بالموضوع-مصطلح موضوعى
مصطلح موضوعي FILMS
650 04 - المدخل الاضافى بالموضوع-مصطلح موضوعى
مصطلح موضوعي MUSIC - FILMS
942 ## - عناصر المدخل الإضافي( كوها)
مصدر التصنيف او مخطط الترفيف Dewey Decimal Classification
Koha [default] item type كتاب
260 ## - PUBLICATION, DISTRIBUTION, ETC. (IMPRINT)
-- [S.N] :
-- MARABOUT UNIVERSITE ،
Holdings
حالة التراجع حالة الفقد حالة تلف ليس للاعارة المكان المؤقت الموقع الحالى تاريخ الاكتساب اجمالي اﻻعارات رقم الطلب الباركود تاريخ اخر مشاهدة تاريخ تفعيل السعر نوع وعاء كوها
        مكتبة القاهرة الكبرى مكتبة القاهرة الكبرى 03/26/2014   791.436\B C 41613 03/26/2014 03/26/2014 كتاب

Powered By

EGPV